000 00644nam a22001817a 4500
003 OSt
008 260627b |||||||| |||| 00| 0 eng d
020 _a9781394274246
082 _a630.2085
_bK96E
245 _aEmerging Smart Agricultural Practices Using Artificial Intelligence/ edited by Ashish Kumar , Jai Prakash Verma , Rachna Jain
260 _aNew Jersey :
_bWiley,
_c[n.d.]
300 _axxiv, 355 p.
650 _aTechnology (Applied Sciences) | | Agriculture and Related Technologies | | Agriculture | Informatics
700 _aKumar, Ashish
700 _aVerma, Jai Prakash
700 _aJain, Rachna
942 _2ddc
_cBK
999 _c52366
_d52366